Nghiên cứu biện pháp nâng cao chất lượng nguyên liệu tre bằng phương pháp xử lý nhiệt dầu

Thành phần hóa học của tre tương tự như ở gỗ. Các thành phần chính của tre bao gồm cellulose, hemicellulose và lignin chiếm trên 90% khối lượng. Qua quá trình xử lý nhiệt dầu, thu được kết quả tối ưu ở nhiệt độ khoảng từ1700C với thời gian nấu mẫu là 40 phút và hóa chất tối ưu là dầu DO....

সম্পূর্ণ বিবরণ

সংরক্ষণ করুন:
গ্রন্থ-পঞ্জীর বিবরন
প্রধান লেখক: Phan Thị Hiền
অন্যান্য লেখক: Lê Tự Hải PGS.TS (Hướng dẫn)
বিন্যাস: গ্রন্থ
প্রকাশিত: Đà Nẵng Đại học Sư phạm, Đại học Đà Nẵng 2012
বিষয়গুলি:
ট্যাগগুলো: ট্যাগ যুক্ত করুন
কোনো ট্যাগ নেই, প্রথমজন হিসাবে ট্যাগ করুন!
Thư viện lưu trữ: Mạng thư viện Đại học Đà Nẵng
LEADER 01693nam a2200313 4500
001 000017715
003 14141
005 20130521090542.0
008 130521s2012 sd
082 |a 676.386  |b PH-H 
100 1 |a Phan Thị Hiền 
245 |a Nghiên cứu biện pháp nâng cao chất lượng nguyên liệu tre bằng phương pháp xử lý nhiệt dầu  |c Phan Thị Hiền ; Lê Tự Hải hướng dẫn  |k Khóa luận tốt nghiệp 
260 |a Đà Nẵng  |b Đại học Sư phạm, Đại học Đà Nẵng  |c 2012 
300 |a 52 tr.  |b Hình mh.  |c 29 cm.  |e Đĩa CD, bản tóm tắt 
500 |a Khóa luận tốt nghiệp đại học. Chuyên ngành: Sư phạm Hóa 
504 |a Mục lục đầu trang, tài liệu tham khảo tr. 73 - 74, phụ lục [13 tr.] 
520 |a Thành phần hóa học của tre tương tự như ở gỗ. Các thành phần chính của tre bao gồm cellulose, hemicellulose và lignin chiếm trên 90% khối lượng. Qua quá trình xử lý nhiệt dầu, thu được kết quả tối ưu ở nhiệt độ khoảng từ1700C với thời gian nấu mẫu là 40 phút và hóa chất tối ưu là dầu DO. 
600 1 4 |b Vua  |c Đinh Tiên Hoàng 
650 0 4 |a Phương pháp xử lý nhiệt dầu  |a Tre  |v Khóa luận tốt nghiệp  |x Nghiên cứu 
653 |a Khoa Hóa học  |a Tre  |a Phương pháp xử lý nhiệt dầu 
700 |a Lê Tự Hải  |c PGS.TS  |e Hướng dẫn 
OWN |a LSP 
999 |a From the UDN01 
TYP |a Monograph 
TYP |a Printed language 
980 |a Mạng thư viện Đại học Đà Nẵng